[Event "US Championship (Gp 1)"]
[Site "Chandler"]
[Date "1997.08.23"]
[Round "1"]
[White "Yermolinsky, Alex"]
[Black "Gulko, Boris"]
[Result "1/2-1/2"]
[WhiteElo "2630"]
[BlackElo "2590"]
[PlyCount "46"]
[EventDate "1997.08.23"]

1. Nf3 Nf6 2. c4 b6 3. g3 Bb7 4. Bg2 e6 5. Nc3 Be7 6. d4 O-O 7. d5 Bb4 8.
O-O Bxc3 9. bxc3 Na6 10. Ne1 Nc5 11. Ba3 Rb8 12. Bxc5 bxc5 13. Qa4 exd5 14.
cxd5 Bxd5 15. Bxd5 Nxd5 16. Qc4 Nf6 17. Qxc5 Re8 18. Qxa7 Rxe2 19. a4 Ne4 20.
Nd3 Ra8 21. Qb7 Rb8 22. Qa7 Ra8 23. Qb7 Rb8 1/2-1/2

[Event "US Championship (Gp 1)"]
[Site "Chandler"]
[Date "1997.08.23"]
[Round "1"]
[White "Ivanov, Alexander"]
[Black "Christiansen, Larry"]
[Result "1/2-1/2"]
[WhiteElo "2600"]
[BlackElo "2560"]
[PlyCount "80"]
[EventDate "1997.08.23"]

1. e4 e6 2. d4 d5 3. Nd2 dxe4 4. Nxe4 Nd7 5. g3 Be7 6. Bg2 Ngf6 7. Nxf6+
Bxf6 8. Nf3 O-O 9. O-O e5 10. Be3 exd4 11. Bxd4 c5 12. Bxf6 Nxf6 13. Qxd8 Rxd8
14. Ne5 g6 15. Nd3 Bf5 16. Bxb7 Bxd3 17. cxd3 Rab8 18. Ba6 Rxb2 19. Rfb1 Rdb8
20. Rxb2 Rxb2 21. h3 Nd7 22. a4 Ne5 23. Rc1 Rb6 24. Bb5 a6 25. Bc4 Kg7 26. a5
Rd6 27. Kf1 Nxc4 28. Rxc4 Rd5 29. Rc2 Kf6 30. Rc3 h5 31. Rb3 Ke5 32. Ke2 Rd6
33. Rb7 f6 34. Rc7 Kd5 35. h4 Re6+ 36. Kd2 Rc6 37. Rd7+ Rd6 38. Rc7 Rc6 39.
Rd7+ Rd6 40. Rc7 Rc6 1/2-1/2

[Event "US Championship (Gp 1)"]
[Site "Chandler"]
[Date "1997.08.23"]
[Round "1"]
[White "Fedorowicz, John"]
[Black "Benjamin, Joel"]
[Result "1/2-1/2"]
[WhiteElo "2510"]
[BlackElo "2555"]
[PlyCount "31"]
[EventDate "1997.08.23"]

1. c4 Nf6 2. Nc3 c5 3. Nf3 Nc6 4. g3 g6 5. Bg2 Bg7 6. d4 cxd4 7. Nxd4 Nxd4
8. Qxd4 d6 9. O-O O-O 10. Qd3 Bf5 11. e4 Be6 12. Bd2 Nd7 13. b3 a6 14. Rac1
Rb8 15. Nd5 b5 16. cxb5 1/2-1/2

[Event "US Championship (Gp. 2)"]
[Site "Chandler"]
[Date "1997.08.23"]
[Round "1"]
[White "Gurevich, Dmitry"]
[Black "DeFirmian, Nick"]
[Result "0-1"]
[WhiteElo "2580"]
[BlackElo "2575"]
[PlyCount "85"]
[EventDate "1997.08.23"]

1. d4 Nf6 2. c4 e6 3. Nc3 Bb4 4. e3 O-O 5. Bd3 d5 6. cxd5 exd5 7. Nge2 Bd6
8. a3 Re8 9. b4 c6 10. Ra2 Nbd7 11. f3 a5 12. O-O axb4 13. axb4 Rxa2 14. Nxa2
Nf8 15. Qc2 Qe7 16. Ng3 g6 17. Qd2 h5 18. Re1 Ne6 19. Re2 h4 20. Nf1 h3 21. g3
b6 22. Bb2 c5 23. dxc5 bxc5 24. Qc3 d4 25. exd4 cxb4 26. Qd2 Bb7 27. Rf2 Nd5
28. Qh6 Qf6 29. Qxh3 Ra8 30. Nc1 Nc3 31. Qg4 Nxd4 32. Nd2 Bc5 33. Ne4 Nxf3+ 34.
Kh1 Bxe4 35. Bxe4 Bxf2 36. Bxa8 Qa6 37. Kg2 Ne5 38. Qxb4 Qxa8+ 39. Kxf2 Nd1+
40. Ke1 Nxb2 41. Qxb2 Qh1+ 42. Kd2 Qxh2+ 43. Ne2 0-1

[Event "US Championship (Gp. 2)"]
[Site "Chandler"]
[Date "1997.08.23"]
[Round "1"]
[White "Dzindzichashvili, Roman"]
[Black "Shabalov, Alexander"]
[Result "1/2-1/2"]
[WhiteElo "2540"]
[BlackElo "2555"]
[PlyCount "104"]
[EventDate "1997.08.23"]

1. c4 b6 2. g3 Bb7 3. Nf3 f5 4. Bg2 Nf6 5. O-O g6 6. b3 Bg7 7. Bb2 O-O 8.
Nc3 e6 9. d4 Qe7 10. Nd2 Bxg2 11. Kxg2 d5 12. a4 Rd8 13. e3 c5 14. Qe2 Nc6 15.
Nf3 Rac8 16. cxd5 exd5 17. Ba3 Ne4 18. Rac1 Nxc3 19. Rxc3 Nxd4 20. Nxd4 Bxd4
21. Rd3 Qe4+ 22. f3 Qe6 23. Rfd1 Bf6 24. Bb2 Bxb2 25. Qxb2 Rd6 26. Kf2 a5 27.
Qc3 Rcd8 28. Qb2 Kf7 29. Qc3 Qf6 30. Qc2 Kg7 31. Kg2 h5 32. h4 Qe5 33. Kf2 d4
34. exd4 Rxd4 35. Rxd4 Rxd4 36. Rxd4 cxd4 37. Qc6 f4 38. Qd7+ Kh6 39. gxf4 Qxf4
40. Qd8 Qe3+ 41. Kg2 Qe2+ 42. Kg1 Qe5 43. Kg2 Kh7 44. Qd7+ Kh6 45. Qd8 Kg7 46.
Qd7+ Kf6 47. Qd8+ Ke6 48. Qe8+ Kd6 49. Qb8+ Kd5 50. Qxb6 Qe2+ 51. Kg3 Qe1+ 52.
Kg2 Qe2+ 1/2-1/2

[Event "US Championship (Women)"]
[Site "Chandler"]
[Date "1997.08.23"]
[Round "1"]
[White "Belakovskaia, Anjelina"]
[Black "Shahade, Jennifer"]
[Result "1-0"]
[WhiteElo "2365"]
[BlackElo "2085"]
[PlyCount "101"]
[EventDate "1997.08.23"]

1. d4 Nf6 2. c4 g6 3. Nc3 d5 4. cxd5 Nxd5 5. Bd2 Bg7 6. e4 Nb6 7. Be3 O-O
8. Nf3 Bg4 9. Be2 e6 10. Qd2 Nc6 11. O-O-O Bxf3 12. gxf3 Na5 13. Bg5 Qc8 14.
Nd5 exd5 15. Qxa5 Qe6 16. Be3 dxe4 17. fxe4 Qxe4 18. h4 Qd5 19. Qxd5 Nxd5 20.
Bf3 c6 21. h5 Rfe8 22. Rd3 Rad8 23. Rhd1 h6 24. Rb3 b6 25. Kb1 Re6 26. Rc1 Rde8
27. Bxd5 cxd5 28. Rbc3 g5 29. Rc7 R6e7 30. Rxe7 Rxe7 31. Rc8+ Kh7 32. Kc2 f5
33. Kd3 f4 34. Bd2 Rf7 35. f3 g4 36. fxg4 f3 37. Rc1 Re7 38. Rf1 Re4 39. Be3
Rxg4 40. Rxf3 Rh4 41. Rf5 Rh2 42. Rxd5 Rxb2 43. Rd7 Rxa2 44. d5 Kg8 45. d6 Ra5
46. Bf4 Rf5 47. Ke4 Rf7 48. Rc7 Bf8 49. Rc8 Kh7 50. Be5 Kg8 51. Kd5 1-0

[Event "US Championship (Women)"]
[Site "Chandler"]
[Date "1997.08.23"]
[Round "1"]
[White "Gulko, Anna"]
[Black "Krush, Irina"]
[Result "1/2-1/2"]
[WhiteElo "2305"]
[BlackElo "2245"]
[PlyCount "91"]
[EventDate "1997.08.23"]

1. d4 d5 2. c4 dxc4 3. e3 Nf6 4. Bxc4 e6 5. Nf3 c5 6. O-O a6 7. b3 b5 8.
Be2 Bb7 9. Bb2 Nbd7 10. a4 b4 11. Nbd2 Be7 12. Nc4 O-O 13. Nfe5 Qc7 14. Rc1
Rfd8 15. Qe1 Rac8 16. f3 Qb8 17. Na5 Nxe5 18. dxe5 Nd5 19. Nc4 Qc7 20. Qg3 f5
21. f4 Nb6 22. Nd6 Bxd6 23. exd6 Qf7 24. Be5 Nd7 25. Bc4 Nf6 26. Rfd1 Rd7 27. Qe1
Ne4 28. Qe2 Rc6 29. Rd3 h6 30. Rcd1 Kh7 31. Qf3 Rc8 32. Qh3 Qg6 33. Kf1 Rcd8
34. Ke2 Rc8 35. Rg1 h5 36. Rgd1 Rcd8 37. Rg1 Rc8 38. Rgd1 Rcd8 39. Kf1 Rc8 40.
Rc1 Rcd8 41. Rcd1 Re8 42. g3 Red8 43. Qh4 Re8 44. Rc1 Red8 45. Rdd1 Kh6 46. Rd3
1/2-1/2

[Event "US Championship (Women)"]
[Site "Chandler"]
[Date "1997.08.23"]
[Round "1"]
[White "Epstein, Esther"]
[Black "Jezierska, Ivona"]
[Result "1-0"]
[WhiteElo "2210"]
[BlackElo "2075"]
[PlyCount "84"]
[EventDate "1997.08.23"]

1. e4 d6 2. d4 Nf6 3. Nc3 g6 4. Be3 c6 5. Bd3 b5 6. Nf3 b4 7. Nb1 Ng4 8.
Bg5 h6 9. Bd2 a5 10. a3 Ba6 11. axb4 axb4 12. Bxb4 Qb6 13. Bc3 Bg7 14. h3 Nf6 15.
Nbd2 Bxd3 16. Rxa8 Ba6 17. Rxa6 Qxa6 18. b3 O-O 19. Qe2 Qa2 20. Qd3 Nbd7 21. O-O
Qa7 22. Re1 Qc7 23. Ra1 Nh5 24. g3 e5 25. dxe5 Nxe5 26. Nxe5 dxe5 27. Qc4 Kh7
28. Ra6 Rc8 29. Qc5 Qd7 30. Kh2 Qe6 31. Ra7 f6 32. Re7 Qg8 33. Nc4 Kh8 34. Nd6
Ra8 35. Qxc6 Rf8 36. Qd7 Kh7 37. Ne8 Kh8 38. Bb4 Kh7 39. Nxg7 Nxg7 40. Rxg7+
Qxg7 41. Qxg7+ Kxg7 42. Bxf8+ Kxf8 1-0

[Event "US Championship (Women)"]
[Site "Chandler"]
[Date "1997.08.23"]
[Round "1"]
[White "Zitserman, Tatyana"]
[Black "Burtman, Sharon"]
[Result "1-0"]
[WhiteElo "2125"]
[BlackElo "2070"]
[PlyCount "85"]
[EventDate "1997.08.23"]

1. c4 e5 2. Nc3 d6 3. g3 f5 4. Bg2 Nf6 5. e3 Nc6 6. Nge2 g6 7. O-O Bg7 8.
d3 O-O 9. Rb1 Kh8 10. b4 a6 11. a4 h6 12. b5 axb5 13. axb5 Ne7 14. Qb3 g5 15.
f4 Ng6 16. Nd5 Nd7 17. b6 c6 18. Nc7 Nc5 19. Qc2 Rb8 20. Bd2 Ne6 21. Nxe6 Bxe6
22. Bc3 Ra8 23. Qb2 Ra6 24. Rfd1 Kh7 25. Qb4 Rg8 26. d4 exf4 27. exf4 gxf4 28.
Nxf4 Nxf4 29. gxf4 Bf7 30. Kh1 Bf8 31. d5 c5 32. Qb2 Bg7 33. Bxg7 Rxg7 34. Bh3
Bg6 35. Rg1 Qh4 36. Rxg6 Kxg6 37. Rg1+ Kh5 38. Qxg7 Qxf4 39. Qg6+ Kh4 40. Qxf5
Qxf5 41. Bxf5 Rxb6 42. Rg4+ Kh3 43. Rf4# 1-0

[Event "US Championship (Women)"]
[Site "Chandler"]
[Date "1997.08.23"]
[Round "1"]
[White "Khan, Anna"]
[Black "Frenklakh, Jennie"]
[Result "1-0"]
[WhiteElo "2190"]
[BlackElo "2120"]
[PlyCount "69"]
[EventDate "1997.08.23"]

1. d4 Nf6 2. c4 c5 3. d5 b5 4. cxb5 a6 5. Nc3 Qa5 6. b6 e6 7. Qb3 Qb4 8. e4
Bb7 9. Bg5 Qxb3 10. axb3 d6 11. Bxf6 gxf6 12. Bc4 Ke7 13. Nge2 Bh6 14. f4 Nd7
15. dxe6 fxe6 16. f5 exf5 17. Bd5 Rhb8 18. Ng3 Kf8 19. Nxf5 Bf4 20. O-O Be5 21.
Bxb7 Rxb7 22. Nd5 Nxb6 23. Nxd6 Bxd6 24. Rxf6+ Kg7 25. Rxd6 Nxd5 26. Rxd5
Rxb3 27. Rxc5 Rxb2 28. Rc7+ Kg8 29. Rd1 Rab8 30. Rdd7 Re2 31. h3 Rxe4 32. Rg7+
Kf8 33. Rcf7+ Ke8 34. Ra7 Rf4 35. Rxh7 1-0

[Event "US Championship (Gp 1)"]
[Site "Chandler"]
[Date "1997.08.24"]
[Round "2"]
[White "Browne, Walter"]
[Black "Fedorowicz, John"]
[Result "1/2-1/2"]
[WhiteElo "2540"]
[BlackElo "2510"]
[PlyCount "72"]
[EventDate "1997.08.23"]

1. d4 Nf6 2. c4 g6 3. Nc3 Bg7 4. e4 d6 5. Nf3 O-O 6. Be2 e5 7. O-O Nc6 8.
d5 Ne7 9. b4 Nh5 10. Re1 f5 11. Ng5 Nf4 12. Bxf4 exf4 13. Rc1 Bf6 14. Ne6 Bxe6
15. dxe6 Bxc3 16. Rxc3 fxe4 17. Bf1 e3 18. fxe3 a5 19. b5 c6 20. bxc6 bxc6 21.
Kh1 Qc7 22. Rd3 Rad8 23. exf4 Rxf4 24. Rd4 d5 25. cxd5 Rxd5 26. Rxd5 cxd5 27.
Qd2 Rh4 28. h3 a4 29. Bb5 Rf4 30. Bd3 Qd6 31. Qe3 Rf6 32. Qd4 Rxe6 33. Rxe6
Qxe6 34. Qxa4 Qe1+ 35. Kh2 Qe5+ 36. Kh1 Qe1+ 1/2-1/2

[Event "US Championship (Gp 1)"]
[Site "Chandler"]
[Date "1997.08.24"]
[Round "2"]
[White "Benjamin, Joel"]
[Black "Ivanov, Alexander"]
[Result "1-0"]
[WhiteElo "2555"]
[BlackElo "2600"]
[PlyCount "85"]
[EventDate "1997.08.23"]

1. e4 e5 2. Nf3 Nc6 3. Bb5 a6 4. Ba4 Nf6 5. O-O Be7 6. Re1 b5 7. Bb3 d6 8.
c3 O-O 9. h3 Bb7 10. d4 Re8 11. Nbd2 Bf8 12. d5 Nb8 13. Nf1 Nbd7 14. N3h2 Nc5
15. Bc2 c6 16. dxc6 Bxc6 17. Bg5 Be7 18. Bxf6 Bxf6 19. Ng4 Bg5 20. b4 Ne6 21.
Qf3 a5 22. a3 Qc7 23. Nge3 g6 24. Bb3 axb4 25. axb4 Bxe3 26. Qxe3 Nf4 27. g3
Nh5 28. Nh2 Nf6 29. Ng4 Nxg4 30. hxg4 Rxa1 31. Rxa1 Ra8 32. Rxa8+ Bxa8 33. Qd3
Bc6 34. g5 Qe7 35. Qf3 Kg7 36. c4 Qxg5 37. cxb5 Qc1+ 38. Kg2 Be8 39. Qd3 Qb2
40. b6 Bc6 41. Qc4 d5 42. Qxc6 Qxb3 43. Qd6 1-0

[Event "US Championship (Gp 1)"]
[Site "Chandler"]
[Date "1997.02.24"]
[Round "2"]
[White "Christiansen, Larry"]
[Black "Yermolinsky, Alex"]
[Result "1-0"]
[WhiteElo "2560"]
[BlackElo "2630"]
[PlyCount "95"]
[EventDate "1997.08.23"]

1. e4 c5 2. Nf3 d6 3. d4 cxd4 4. Nxd4 Nf6 5. Nc3 Nc6 6. Bc4 Qb6 7. Ndb5 a6
8. Be3 Qa5 9. Nd4 Ne5 10. Nb3 Qc7 11. Be2 e6 12. f4 Nc6 13. g4 b5 14. g5 Nd7
15 Bf3 Bb7 16. Qe2 b4 17. Na4 a5 18. c4 Be7 19. O-O O-O 20. Rac1 Rfd8 21. Qf2
Nc5 22. Naxc5 dxc5 23. Nxc5 Bxc5 24. Bxc5 Qxf4 25. Be3 Qe5 26. Bg2 Rd7 27. Rcd1
Qc7 28. Bb6 Qc8 29. Qf4 e5 30. Qf5 Nd4 31. Qxe5 Ne6 32. b3 a4 33. Be3 axb3 34.
axb3 Qd8 35. Rd5 Qe7 36. c5 Nc7 37. Qxe7 Rxe7 38. Rd4 Rae8 39. Bf4 Ne6 40. Rxb4
Nxf4 41. Rxf4 Rc8 42. Rb5 Bc6 43. Rb6 Re5 44. Rf5 Ree8 45. Rf2 Re5 46. Bh3 Rc7
47. Rb8+ Be8 48. c6 1-0

[Event "US Championship (Gp 1)"]
[Site "Chandler"]
[Date "1997.08.24"]
[Round "2"]
[White "Gulko, Boris"]
[Black "Zamora, Jorge"]
[Result "1-0"]
[WhiteElo "2590"]
[BlackElo "2390"]
[PlyCount "77"]
[EventDate "1997.08.23"]

1. c4 Nf6 2. Nc3 g6 3. d4 Bg7 4. Bg5 h6 5. Bh4 O-O 6. Nf3 d6 7. e3 c5 8. d5
e6 9. Nd2 a6 10. a4 Qb6 11. Ra3 e5 12. Be2 Nbd7 13. O-O Nh7 14. f4 f5 15. Qc2
Re8 16. Bd1 Ndf6 17. a5 Qd8 18. Qb1 Qe7 19. Na4 g5 20. fxg5 hxg5 21. Bf2 e4 22.
Nb6 Rb8 23. Bg3 f4 24. exf4 gxf4 25. Nxc8 Rexc8 26. Bxf4 b5 27. Re1 bxc4 28.
Nxc4 Rd8 29. Rg3 Kh8 30. Rh3 Rb4 31. b3 Qf7 32. Bxd6 Qxd5 33. Be7 Qd4+ 34. Kh1
Re8 35. Bxf6 Bxf6 36. Bh5 Re7 37. Bg6 Qf2 38. Bxe4 Kg7 39. Rxh7+ 1-0

[Event "US Championship (Gp. 2)"]
[Site "Chandler"]
[Date "1997.08.24"]
[Round "2"]
[White "DeFirmian, Nick"]
[Black "Seirawan, Yasser"]
[Result "1/2-1/2"]
[WhiteElo "2575"]
[BlackElo "2630"]
[PlyCount "23"]
[EventDate "1997.08.23"]

1. e4 e6 2. d4 d5 3. Nc3 Be7 4. g3 dxe4 5. Nxe4 Bd7 6. Nf3 Bc6 7. Ned2 Nd7
8. Bg2 Ngf6 9. O-O O-O 10. Re1 a5 11. a4 b6 12. Nc4 1/2-1/2

[Event "US Championship (Women)"]
[Site "Chandler"]
[Date "1997.08.24"]
[Round "2"]
[White "Shahade, Jennifer"]
[Black "Khan, Anna"]
[Result "1-0"]
[WhiteElo "2085"]
[BlackElo "2190"]
[PlyCount "49"]
[EventDate "1997.08.23"]

1. e4 c5 2. Nf3 d6 3. d4 cxd4 4. Nxd4 Nf6 5. Nc3 Nc6 6. Bg5 e6 7. Qd2 Be7
8. O-O-O Nxd4 9. Qxd4 O-O 10. f3 Qa5 11. Qd2 Bd7 12. Kb1 Kh8 13. g4 b5 14.
Nxb5 Qxd2 15. Bxd2 Rab8 16. c4 a6 17. Nc3 Bc6 18. Bf4 Rfd8 19. c5 e5 20. cxd6
Bxd6 21. Rxd6 Rxd6 22. Bxe5 Nxe4 23. fxe4 Rd1+ 24. Nxd1 Bxe4+ 25. Bd3 1-0

[Event "US Championship (Women)"]
[Site "Chandler"]
[Date "1997.02.30"]
[Round "2"]
[White "Frenklakh, Jennie"]
[Black "Zitserman, Tatyana"]
[Result "1-0"]
[WhiteElo "2120"]
[BlackElo "2125"]
[PlyCount "79"]
[EventDate "1997.08.23"]

1. e4 c5 2. Nc3 Nc6 3. g3 g6 4. Bg2 Bg7 5. d3 e6 6. Be3 d6 7. f4 Nge7 8.
Nf3 Nd4 9. O-O Nec6 10. Qd2 O-O 11. Ne1 Rb8 12. Nd1 Nb5 13. c3 Bd7 14. Nf3 b6
15. d4 Na5 16. b3 Rc8 17. c4 Nxd4 18. Nxd4 cxd4 19. Bxd4 Bxd4+ 20. Qxd4 Qc7 21.
Ne3 Qc5 22. Rad1 Rfd8 23. Qd2 Nc6 24. Kh1 Be8 25. f5 Ne5 26. f6 Bc6 27. b4 Nxc4
28. Nxc4 Qh5 29. Nxd6 g5 30. e5 Bxg2+ 31. Qxg2 Rc7 32. Rc1 Rcd7 33. Rc2 g4 34.
Qe4 Qg5 35. Rfc1 h5 36. Rc8 h4 37. Rxd8+ Rxd8 38. Rc4 Kf8 39. Qxg4 Qh6 40. Qxh4
1-0

[Event "US Championship (Women)"]
[Site "Chandler"]
[Date "1997.08.24"]
[Round "2"]
[White "Burtman, Sharon"]
[Black "Epstein, Esther"]
[Result "1/2-1/2"]
[WhiteElo "2070"]
[BlackElo "2210"]
[PlyCount "75"]
[EventDate "1997.08.23"]

1. d4 g6 2. c4 Bg7 3. e4 c5 4. d5 d6 5. Nc3 e5 6. Bd3 Ne7 7. Be3 O-O 8.
Nge2 f5 9. f3 Nd7 10. Qd2 Nf6 11. O-O-O a6 12. Kb1 Qa5 13. Nc1 Bd7 14. Rhf1 b5 15.
Qc2 bxc4 16. Bxc4 Bb5 17. Nb3 Qb6 18. Nd2 Rfb8 19. Ka1 Qc7 20. Rb1 Rb7 21. Rfc1
Rab8 22. Bxb5 axb5 23. b4 c4 24. Qd1 Ra8 25. Qe2 Ra3 26. Kb2 Ra8 27. Ka1
Qb8 28. a4 bxa4 29. Qxc4 Nd7 30. Ka2 Nb6 31. Qe2 Qf8 32. Nb5 Nec8 33. Nc7 Rab8
34. Na6 Ra8 35. Nc7 Rab8 36. Na6 Ra8 37. Nc7 Rab8 38. Na6 1/2-1/2

[Event "US Championship (Women)"]
[Site "Chandler"]
[Date "1997.08.24"]
[Round "2"]
[White "Jezierska, Ivona"]
[Black "Gulko, Anna"]
[Result "0-1"]
[WhiteElo "2075"]
[BlackElo "2305"]
[PlyCount "80"]
[EventDate "1997.08.23"]

1. Nf3 g6 2. g3 Bg7 3. Bg2 c5 4. d3 Nc6 5. c3 e5 6. e4 d6 7. a3 Nge7 8. b4
O-O 9. Be3 b6 10. h4 Bg4 11. Qd2 cxb4 12. axb4 d5 13. Nh2 Be6 14. Bh6 dxe4 15.
Bxg7 Kxg7 16. Bxe4 f5 17. Bf3 Bd5 18. Qe2 b5 19. Na3 Qb6 20. h5 Rae8 21. O-O a6
22. Qd2 h6 23. Bxd5 Nxd5 24. hxg6 Rf6 25. c4 bxc4 26. dxc4 Ndxb4 27. Qd7+ Re7
28. Qd1 Rxg6 29. Kg2 Nd4 30. Rb1 Qc5 31. Re1 Nbc6 32. Qa4 e4 33. Qxa6 Ne5 34.
Qa8 Nd3 35. Red1 Ne2 36. Rf1 Nef4+ 37. Kg1 Nh3+ 38. Kg2 Ndxf2 39. Rb7 Nf4+ 40.
Kg1 Rxg3# 0-1

[Event "US Championship (Gp 1)"]
[Site "Chandler"]
[Date "1997.08.25"]
[Round "3"]
[White "Gulko, Boris"]
[Black "Browne, Walter"]
[Result "1/2-1/2"]
[WhiteElo "2590"]
[BlackElo "2540"]
[PlyCount "85"]
[EventDate "1997.08.23"]

1. d4 Nf6 2. c4 e6 3. g3 Bb4+ 4. Bd2 Be7 5. Bg2 d5 6. Nf3 O-O 7. O-O c6 8.
Qc2 Nbd7 9. Bf4 b6 10. Rd1 Bb7 11. Nc3 Rc8 12. Rac1 Nh5 13. Bd2 Nhf6 14. b3 c5
15. dxc5 Bxc5 16. Bf4 dxc4 17. bxc4 Qe7 18. Ng5 Bxg2 19. Kxg2 h6 20. Nge4 e5
21. Nxc5 Qxc5 22. Be3 Qxc4 23. Qf5 Qc6+ 24. f3 Qb7 25. Kf2 Rc6 26. Nb5 Rxc1 27.
Rxc1 Qa6 28. Qb1 Nd5 29. Nc7 Nxc7 30. Rxc7 Nf6 31. Qb3 Qa5 32. Re7 e4 33.
Bd4 Qh5 34. h4 exf3 35. exf3 Rd8 36. Bxf6 gxf6 37. Qc3 Qf5 38. Qc4 Rd5 39. g4
Qd3 40. Qxd3 Rxd3 41. Rxa7 Kg7 42. Kg3 b5 43. Kf4 1/2-1/2

[Event "US Championship (Gp 1)"]
[Site "Chandler"]
[Date "1997.08.25"]
[Round "3"]
[White "Zamora, Jorge"]
[Black "Christiansen, Larry"]
[Result "0-1"]
[WhiteElo "2390"]
[BlackElo "2560"]
[PlyCount "71"]
[EventDate "1997.08.23"]

1. Nf3 d6 2. c4 e5 3. g3 f5 4. Bg2 Nf6 5. O-O Be7 6. Nc3 O-O 7. d4 e4 8.
Ng5 h6 9. Nh3 c6 10. d5 Nbd7 11. b3 Ne5 12. f3 Qa5 13. Qd2 Bd8 14. Nf4 g5 15. Ne6
Bxe6 16. dxe6 Bb6+ 17. Kh1 Rae8 18. fxe4 Neg4 19. exf5 Nh5 20. e4 Qe5 21. Rf3
Rxe6 22. Bb2 Ree8 23. Re1 Bd4 24. Nd1 Bxb2 25. Nxb2 d5 26. cxd5 cxd5 27. Rff1
Nxh2 28. Kxh2 Nxg3 29. Qxd5+ Qxd5 30. exd5 Nxf1+ 31. Rxf1 Re2 32. Nc4 Rd8 33. f6
Rxd5 34. Re1 Rxa2 35. Kg1 Rf5 36. Re8+ 0-1

[Event "US Championship (Gp 1)"]
[Site "Chandler"]
[Date "1997.08.25"]
[Round "3"]
[White "Yermolinsky, Alex"]
[Black "Benjamin, Joel"]
[Result "1/2-1/2"]
[WhiteElo "2630"]
[BlackElo "2555"]
[PlyCount "71"]
[EventDate "1997.08.23"]

1. d4 Nf6 2. c4 e6 3. Nc3 Bb4 4. Bg5 h6 5. Bh4 c5 6. d5 Bxc3+ 7. bxc3 d6 8.
e3 e5 9. f3 Qe7 10. Bd3 Nbd7 11. Qb1 g5 12. Bg3 Kd8 13. Ne2 Kc7 14. a4 a5 15.
Ra2 Nb6 16. Bf2 e4 17. fxe4 Ng4 18. O-O h5 19. Nd4 h4 20. h3 Ne5 21. Nb5+ Kb8
22. Be2 Nbd7 23. Rb2 Ra6 24. Nd4 Ka7 25. Nf5 Qd8 26. Kh1 Nb6 27. Rb5 Bxf5 28.
exf5 f6 29. Qb3 Qc7 30. Rb1 Rh7 31. Bg1 Nc8 32. Bh2 b6 33. Qd1 Re7 34. Bf1 Qd7
35. e4 Qe8 36. Be2 1/2-1/2

[Event "US Championship (Gp 1)"]
[Site "Chandler"]
[Date "1997.08.25"]
[Round "3"]
[White "Ivanov, Alexander"]
[Black "Fedorowicz, John"]
[Result "0-1"]
[WhiteElo "2600"]
[BlackElo "2510"]
[PlyCount "80"]
[EventDate "1997.08.23"]

1. e4 c5 2. Nf3 d6 3. d4 cxd4 4. Nxd4 Nf6 5. Nc3 a6 6. g3 e6 7. Bg2 Bd7 8.
O-O Nc6 9. Nxc6 Bxc6 10. a4 Be7 11. Be3 O-O 12. a5 Nd7 13. Re1 Qc7 14. Na4 Rae8
15. Bb6 Nxb6 16. Nxb6 Rb8 17. c4 Rfd8 18. Qd2 Bf6 19. Rad1 Qe7 20. Re3 Qe8 21.
Rd3 h6 22. Kh1 Kh8 23. f4 Be7 24. Qe2 Bf8 25. h4 f5 26. exf5 exf5 27. Re3 Qg6
28. h5 Qf7 29. Bd5 Re8 30. Rdd3 Re4 31. Rxe4 fxe4 32. Re3 Qf5 33. Kg2 Re8 34.
b4 Re7 35. Qd1 Be8 36. Qd4 Bc6 37. Bxc6 bxc6 38. Qxd6 Re6 39. Qd8 Rd6 40. Qc8
Rd2+ 0-1

[Event "US Championship (Gp. 2)"]
[Site "Chandler"]
[Date "1997.08.25"]
[Round "3"]
[White "Gurevich, Dmitry"]
[Black "Shabalov, Alexander"]
[Result "1/2-1/2"]
[WhiteElo "2580"]
[BlackElo "2555"]
[PlyCount "53"]
[EventDate "1997.08.23"]

1. c4 e5 2. g3 d6 3. Bg2 c5 4. b4 cxb4 5. a3 bxa3 6. Nf3 Nf6 7. O-O Be7 8.
Bxa3 O-O 9. Nc3 Nc6 10. d3 Re8 11. Qa4 Bd7 12. Qb3 Rb8 13. Rfb1 Bf8 14. Bc1 h6
15. Nd2 a6 16. Qb6 Qc8 17. Nde4 Nxe4 18. Bxe4 Be7 19. Ba3 Bg4 20. Ra2 Bd8 21.
Qe3 Qd7 22. Bxc6 Qxc6 23. Qe4 Qd7 24. Bxd6 Bf5 25. Qf3 Bg4 26. Qe4 Bf5 27. Qf3
1/2-1/2

[Event "US Championship (Gp. 2)"]
[Site "Chandler"]
[Date "1997.08.25"]
[Round "3"]
[White "Dzindzichashvili, Roman"]
[Black "Seirawan, Yasser"]
[Result "1/2-1/2"]
[WhiteElo "2540"]
[BlackElo "2630"]
[PlyCount "27"]
[EventDate "1997.08.23"]

1. d4 d5 2. c4 dxc4 3. Nf3 c5 4. e4 cxd4 5. Qxd4 Qxd4 6. Nxd4 Bd7 7. Bxc4
Nc6 8. Nxc6 Bxc6 9. f3 e6 10. Be3 Nf6 11. Nd2 Nd7 12. Nb3 Nb6 13. Be2 O-O-O 14.
Kf2
1/2-1/2

[Event "US Championship (Women)"]
[Site "Chandler"]
[Date "1997.08.25"]
[Round "3"]
[White "Krush, Irina"]
[Black "Shahade, Jennifer"]
[Result "1/2-1/2"]
[WhiteElo "2245"]
[BlackElo "2085"]
[PlyCount "96"]
[EventDate "1997.08.23"]

1. d4 Nf6 2. c4 c5 3. d5 e6 4. Nc3 exd5 5. cxd5 d6 6. e4 g6 7. Nf3 Bg7 8.
Be2 O-O 9. O-O Bg4 10. Bf4 Bxf3 11. Bxf3 a6 12. a4 Qc7 13. e5 dxe5 14. d6 Qa5
15. Bxe5 Nbd7 16. Bg3 Rab8 17. Re1 Qb4 18. Qc2 Rfe8 19. h3 c4 20. Rxe8+ Nxe8
21. Rd1 Nef6 22. Na2 Qc5 23. b4 Qc8 24. Nc3 b5 25. axb5 axb5 26. Ra1 Qe8 27.
Bc6 Nh5 28. Bh2 Qd8 29. Re1 Rb6 30. Nd5 Rb8 31. Nc7 Ne5 32. Bxe5 Bxe5 33. Rxe5
Qxd6 34. Qe4 Qxc7 35. Bxb5 Nf6 36. Qe2 Qd6 37. Rc5 Ra8 38. g3 c3 39. Rxc3 Qd4
40. Rc4 Ra1+ 41. Kg2 Qd5+ 42. f3 Qf5 43. Rc2 Nd5 44. Bd3 Qd7 45. b5 Qa7 46. b6
Nxb6 47. Qe8+ Kg7 48. Qe5+ Kg8 1/2-1/2

[Event "US Championship (Women)"]
[Site "Chandler"]
[Date "1997.08.25"]
[Round "3"]
[White "Belakovskaia, Anjelina"]
[Black "Jezierska, Ivona"]
[Result "1-0"]
[WhiteElo "2365"]
[BlackElo "2075"]
[PlyCount "39"]
[EventDate "1997.08.23"]

1. d4 g6 2. c4 Bg7 3. Nc3 d6 4. e4 Nf6 5. f3 O-O 6. Nge2 e5 7. Bg5 h6 8.
Be3 Nbd7 9. Qd2 Kh7 10. d5 Nh5 11. g4 Nf4 12. Nxf4 exf4 13. Bxf4 Ne5 14. Be2 a6
15. g5 Bh3 16. Rg1 hxg5 17. Bxg5 Qd7 18. f4 Ng4 19. Qd3 Nf6 20. f5 1-0

[Event "US Championship (Women)"]
[Site "Chandler"]
[Date "1997.08.25"]
[Round "3"]
[White "Gulko, Anna"]
[Black "Burtman, Sharon"]
[Result "1-0"]
[WhiteElo "2305"]
[BlackElo "2070"]
[PlyCount "62"]
[EventDate "1997.08.23"]

1. d4 f5 2. g3 Nf6 3. Bg2 g6 4. c3 Bg7 5. Qb3 c6 6. Nd2 d5 7. Nh3 O-O 8.
Nf4 Na6 9. Nf3 Nc7 10. h4 Ne4 11. h5 g5 12. h6 Bf6 13. Nh5 Ne6 14. Ne5 Nd6 15.
Qc2 Qe8 16. Bd2 Bxe5 17. dxe5 Nc4 18. O-O-O Nxe5 19. f4 Ng4 20. Rdf1 gxf4 21.
gxf4 Nxh6 22. Bf3 Kh8 23. Ng3 Rf6 24. Rh3 Nf8 25. Be3 Ng4 26. Bd4 e5 27. fxe5
Nxe5 28. Bh5 Nfg6 29. Bxg6 Rxg6 30. Rfh1 h6 31. Nxf5 Kg8 1-0

[Event "US Championship (Women)"]
[Site "Chandler"]
[Date "1997.08.25"]
[Round "3"]
[White "Epstein, Esther"]
[Black "Frenklakh, Jennie"]
[Result "1-0"]
[WhiteElo "2210"]
[BlackElo "2120"]
[PlyCount "35"]
[EventDate "1997.08.23"]

1. e4 c6 2. d4 d5 3. e5 Bf5 4. h4 h5 5. c4 e6 6. Nc3 Nd7 7. cxd5 cxd5 8.
Bg5 Qa5 9. Bb5 Bb4 10. Bxd7+ Kxd7 11. Nge2 Ne7 12. O-O Nc6 13. Ng3 Bxc3 14.
bxc3 Qxc3 15. Nxf5 exf5 16. Qb1 Ke8 17. Qxb7 Rb8 18. Qc7 1-0

[Event "US Championship (Gp 1)"]
[Site "Chandler"]
[Date "1997.08.27"]
[Round "4"]
[White "Browne, Walter"]
[Black "Ivanov, Alexander"]
[Result "1-0"]
[WhiteElo "2540"]
[BlackElo "2600"]
[PlyCount "63"]
[EventDate "1997.08.23"]

1. d4 Nf6 2. c4 e6 3. Nf3 b6 4. g3 Ba6 5. Nbd2 Bb7 6. Bg2 c5 7. e4 cxd4 8.
O-O d6 9. Nxd4 Qd7 10. a4 Nc6 11. Nxc6 Bxc6 12. b4 Be7 13. b5 Bb7 14. a5 bxa5
15. Re1 e5 16. Nb3 Qc7 17. Nxa5 Nd7 18. Nxb7 Qxb7 19. Ra6 Nb6 20. Qb3 O-O 21.
Bh3 Rfb8 22. Qa2 Qc7 23. Bf1 Rb7 24. Be3 h6 25. h4 Bd8 26. Rc1 Qd7 27. c5 dxc5
28. Rxc5 Bc7 29. Rc6 Rd8 30. Rxa7 Rdb8 31. Rxb7 Rxb7 32. Qa6 1-0